000 00601nam a2200181 i 4500
001 164119
003 ES-MaACL
005 20251015063145.0
008 940301s1891 sp ap |||| | spa d
080 _a821.134.2-3"19"
100 1 _aRueda, Salvador,
_d1857-1933
_9100515
245 1 0 _aTanda de valses /
_cpor Salvador Rueda ; ilustraciones de E. Butler.
260 _aMadrid :
_bGran Centro Editorial,
_c1891 (
_fImp. de R. Marco)
300 _a254 p. :
_bil. ;
_c19 cm.
700 1 _aButler, E.
_c, il.
_9147814
852 _aES-MaACL
_jF-8756
_z. - Enc. pasta
999 _c164119
_d164119